| 000 | 00814nam0a22002771 4500 | ||
|---|---|---|---|
| 001 | 2576635 | ||
| 005 | 20250622225739.0 | ||
| 021 |
_aRU _b78-70920 |
||
| 035 | _a(NLR Aleph) 006459904 | ||
| 090 |
_a5825393 _c5825393 |
||
| 100 | _a20110316d1978 |||y0rusy50 ca | ||
| 101 | 1 |
_arus _aeng _cukr |
|
| 102 | _aRU | ||
| 105 | _ay z ||||| | ||
| 200 | 1 |
_aJudaśs breed _ePamphlets _fYuri Melnichuk _gTravsl. from the Ukr. by Gladys Evans et al. |
|
| 210 |
_aKiev _cDnipro publ. _d1978 |
||
| 215 |
_a93 с. _d17 |
||
| 686 |
_aШ5(2=Ук)77анг. _2rubbk |
||
| 700 | 1 |
_aМельничук _bЮ.С. _gЮрий Степанович |
|
| 702 | 1 |
_aEvans _bG. _gGladys _4570 |
|
| 801 | 0 |
_aRU _bNLR _gpsbo |
|
| 801 | 1 |
_aRU _bELAR _2rusmarc |
|
| 852 |
_aNLR _jDesideratum |
||
| 899 |
_aRuMoRGB _jИн 78-1/232 |
||
| 942 | _cBOOK | ||
| 980 | _aNB | ||